Central Library, Doon University
WEBOPAC (ONLINE PUBLIC ACCESS CATALOGUE)

Industrial Economics (Record no. 60425)

MARC details
000 -LEADER
fixed length control field 00434nam a22001817a 4500
005 - DATE & TIME
control field 20260221130418.0
008 - FIXED-LENGTH DATA ELEMENTS--GENERAL INFORMATION
fixed length control field 260221b |||||||| |||| 00| 0 eng d
020 ## - ISBN
International Standard Book Number 9789389212501
Price 995.00
040 ## - CATALOGING SOURCE
Original cataloging agency Doon University
041 ## - Language
Language English
082 ## - DDC NUMBER
Classification number 338
Book Number SET
100 ## - MAIN ENTRY--PERSONAL NAME
Personal name Seth, Ranjana
245 ## - TITLE STATEMENT
Title Industrial Economics
260 ## - PUBLICATION, DISTRIBUTION, ETC. (IMPRINT)
Place of publication, distribution, etc New Delhi
Name of publisher, distributor, etc Ane Books
Date of publication, distribution, etc 2026
300 ## - PHYSICAL DESCRIPTION
Pages 267
650 ## - Subject
Subject Economics
942 ## - ADDED ENTRY ELEMENTS (KOHA)
Koha item type Books
100 ## - MAIN ENTRY--PERSONAL NAME
-- 26375
650 ## - Subject
-- 79
952 ## - LOCATION AND ITEM INFORMATION (KOHA)
-- 2026-02-21
952 ## - LOCATION AND ITEM INFORMATION (KOHA)
-- 2026-02-21
952 ## - LOCATION AND ITEM INFORMATION (KOHA)
-- 2026-02-21
Holdings
Withdrawn status Lost status Source of classification or shelving scheme Damaged status Not for loan Location (home branch) Sublocation or collection (holding branch) Date acquired Koha full call number Accession No. Koha date last seen Koha item type Koha issues (times borrowed)
        Not For Loan Doon University Doon University 21.02.2026 338 SET 52962 21.02.2026 Reference  
          Doon University Doon University 21.02.2026 338 SET 52963 21.02.2026 Books  
          Doon University Doon University 21.02.2026 338 SET 52964 21.02.2026 Books  
Contact : +91-135-2533126 (Library),+91-135-2533105 (Admin Office) , Email : doonlibrary@gmail.com

Powered by Koha